| 000 | 00738cam a22002531 4500 | ||
|---|---|---|---|
| 001 | 30073 | ||
| 003 | BD-RjUL | ||
| 005 | 20211209051516.0 | ||
| 008 | 140408s1952 nyu 001 0 eng | ||
| 035 | _a(BD-RjUL)30158 | ||
| 035 | _a(OCoLC)372924 | ||
| 040 |
_aDLC _cODaWU _dOCoLC _dDLC _dBD-RjUL _beng |
||
| 041 | _aeng | ||
| 082 |
_a164 _bFIS 1952 |
||
| 100 | 1 |
_aFitch, Frederic B. _q(Frederic Brenton), _d1908-1987. _991456 |
|
| 245 | 1 | 0 |
_aSymbolic logic : _ban introduction / _cFrederic B. Fitch |
| 260 |
_aNew York, _bRonald Press Co. _c[1952] |
||
| 300 |
_a238 p. ; _c22 cm. |
||
| 504 | _aIncludes index. | ||
| 650 | 0 |
_aLogic, Symbolic and mathematical. _991457 |
|
| 942 |
_2ddc _cBK |
||
| 999 |
_c30073 _d30073 |
||